Statistics for U.S. Territories Quiz

Click here to take the quiz!

General Stats

  • This quiz has been taken 10 times
  • The average score is 7 of 14

Answer Stats

Status Territory % Correct
InhabitedGuam
100%
InhabitedPuerto Rico
100%
InhabitedNorthern Mariana Islands
90%
InhabitedAmerican Samoa
80%
InhabitedU.S. Virgin Islands
80%
UninhabitedMidway Atoll
60%
UninhabitedWake Island
50%
UninhabitedJarvis Island
30%
UninhabitedJohnston Atoll
30%
UninhabitedBaker Island
20%
UninhabitedPalmyra Atoll
20%
UninhabitedHowland Island
10%
UninhabitedKingman Reef
10%
UninhabitedNavassa Island
10%

Score Distribution

Percentile by Number Answered

Percent of People with Each Score

Your Score History

You have not taken this quiz